Normal view
MARC view
- رمزي، نبيل
Entry Personal Name
001 - CONTROL NUMBER
- control field: 35876
003 - CONTROL NUMBER IDENTIFIER
- control field: JO-AjAnu
005 - DATE AND TIME OF LATEST TRANSACTION
- control field: 20230606080009.0
008 - FIXED-LENGTH DATA ELEMENTS
- fixed length control field: 230606|| aca||aabn | a|a d
040 ## - CATALOGING SOURCE
- Original cataloging agency: JO-AjAnu
- Transcribing agency: JO-AjAnu
100 ## - HEADING--PERSONAL NAME
- Personal name: رمزي، نبيل
670 ## - SOURCE DATA FOUND
- Source citation: Work cat.: (JO-AjAnu)18421: رمزي، نبيل, author, علم اجتماع المعرفة :ايديولوجيا الاكراه الديني والارهاب السياسي، ج3